People who make movies

Gorde:
Xehetasun bibliografikoak
Egile nagusia: Taylor, Theodore (Egilea)
Formatua: Liburua
Hizkuntza:ingelesa
Argitaratua: Nueva York Macfadden-Bartell 1970
Gaiak:
Etiketak: Etiketa erantsi
Etiketarik gabe, Izan zaitez lehena erregistro honi etiketa jartzen!

MARC

LEADER 00000nam a2200000 a 4500
001 UCQ2779
003 CL-VaPUC
008 980731e19700000US |||||||||||||||||eng|d
082 0 4 |a 791.43  |b TAY  |2 21 
100 0 |a Taylor, Theodore  |e author  |9 416850 
245 1 0 |a People who make movies 
300 |a 127 p 
942 |c BK 
945 |d 19980731 00:00:00  |a crobeson 
260 |a Nueva York  |b Macfadden-Bartell  |c 1970 
650 0 |a Cine  |9 225706 
650 0 |a Cinematografía  |9 265198 
650 0 |a Industria cinematográfica  |9 266081 
650 0 |a Películas  |9 335097 
650 7 |a FILMACION  |2 CL-VaPUC  |9 336722 
650 0 |a Fotografía  |9 268495 
650 0 |a Producción   |9 263680 
650 0 |a Montaje  |9 310689 
583 |a last modification  |c 19980731 00:00:00  |k Rodrigo Vera 
999 |c 273547  |d 273545 
952 |0 0  |1 0  |4 0  |6 791_430000000000000_TAY_1970  |7 0  |8 P  |9 309213  |a BIBEDU  |b BIBEDU  |c BIBEDU_PB  |d 2019-11-20  |i 1449516  |o 791.43 TAY 1970  |p 1449516  |r 2024-01-25  |w 2019-11-20  |y BK  |k LIT 
952 |0 0  |1 0  |4 0  |6 791_430000000000000_TAY_1970  |7 0  |8 P  |9 309214  |a BIBEDU  |b BIBEDU  |c BIBEDU_PB  |d 2019-11-20  |i 1449524  |o 791.43 TAY 1970  |p 1449524  |r 2024-01-25  |w 2019-11-20  |y BK  |k LIT 
952 |0 0  |1 0  |4 0  |6 791_430000000000000_TAY_1970  |7 0  |8 P  |9 309215  |a BIBEDU  |b BIBEDU  |c BIBEDU_PB  |d 2019-11-20  |i 1449532  |o 791.43 TAY 1970  |p 1449532  |r 2024-01-25  |w 2019-11-20  |y BK  |k LIT 
952 |0 0  |1 0  |4 0  |6 791_430000000000000_TAY_1970  |7 0  |8 P  |9 309216  |a BIBEDU  |b BIBEDU  |c BIBEDU_PB  |d 2019-11-20  |i 1449540  |o 791.43 TAY 1970  |p 1449540  |r 2024-01-25  |w 2019-11-20  |y BK  |k LIT 
952 |0 0  |1 0  |4 0  |6 791_430000000000000_TAY_1970  |7 0  |8 P  |9 309217  |a BIBEDU  |b BIBEDU  |c BIBEDU_PB  |d 2019-11-20  |i 1449559  |o 791.43 TAY 1970  |p 1449559  |r 2024-01-25  |w 2019-11-20  |y BK  |k LIT 
952 |0 0  |1 0  |4 0  |6 791_430000000000000_TAY_1970  |7 0  |8 P  |9 309218  |a BIBEDU  |b BIBEDU  |c BIBEDU_PB  |d 2019-11-20  |i 1449567  |o 791.43 TAY 1970  |p 1449567  |r 2024-01-25  |w 2019-11-20  |y BK  |k LIT 
952 |0 0  |1 0  |4 0  |6 791_430000000000000_TAY_1970  |7 0  |8 P  |9 309219  |a BIBEDU  |b BIBEDU  |c BIBEDU_PB  |d 2019-11-20  |i 1449575  |o 791.43 TAY 1970  |p 1449575  |r 2024-01-25  |w 2019-11-20  |y BK  |k LIT 
952 |0 0  |1 0  |4 0  |6 791_430000000000000_TAY_1970  |7 0  |8 P  |9 309220  |a BIBEDU  |b BIBEDU  |c BIBEDU_PB  |d 2019-11-20  |i 1449583  |o 791.43 TAY 1970  |p 1449583  |r 2024-01-25  |w 2019-11-20  |y BK  |k LIT 
952 |0 0  |1 0  |4 0  |6 791_430000000000000_TAY_1970  |7 0  |8 P  |9 309221  |a BIBEDU  |b BIBEDU  |c BIBEDU_PB  |d 2019-11-20  |i 1461079  |o 791.43 TAY 1970  |p 1461079  |r 2024-01-25  |w 2019-11-20  |y BK  |k LIT 
952 |0 0  |1 0  |4 0  |6 791_430000000000000_TAY_1970  |7 0  |8 P  |9 309222  |a BIBEDU  |b BIBEDU  |c BIBEDU_PB  |d 2019-11-20  |i 1461028  |o 791.43 TAY 1970  |p 1461028  |r 2024-01-25  |w 2019-11-20  |y BK  |k LIT 
952 |0 0  |1 0  |4 0  |6 791_430000000000000_TAY_1970  |7 0  |8 P  |9 309223  |a BIBEDU  |b BIBEDU  |c BIBEDU_PB  |d 2019-11-20  |i 1461044  |o 791.43 TAY 1970  |p 1461044  |r 2024-01-25  |w 2019-11-20  |y BK  |k LIT 
952 |0 0  |1 0  |4 0  |6 791_430000000000000_TAY_1970  |7 0  |8 P  |9 309224  |a BIBEDU  |b BIBEDU  |c BIBEDU_PB  |d 2019-11-20  |i 1461095  |o 791.43 TAY 1970  |p 1461095  |r 2024-01-25  |w 2019-11-20  |y BK  |k LIT